| 000 | 01282nam0a22002531 4500 | ||
|---|---|---|---|
| 001 | rc\3406062 | ||
| 005 | 20250609231540.0 | ||
| 035 | _a(NLR Aleph) 007549259 | ||
| 090 |
_a5183219 _c5183219 |
||
| 100 | _a20130115d1972 |||y0rusy50 ca | ||
| 101 | 0 | _arus | |
| 102 | _aRU | ||
| 105 | _ay z ||||| | ||
| 200 | 1 |
_aСборник задач по денежному довольствию военнослужащих Советской Армии и Военно-Морского Флота _fВоен. фак. при Моск. фин. ин-те. Кафедра финансов Вооруж. Сил |
|
| 210 |
_aМосква _cБ. и. _d1972 |
||
| 215 |
_a107 с. _d21 |
||
| 300 | _aПеред загл. авт.: полк. инт. службы А.П. Ротач, полк. инт. службы В.В. Тиванов; в вып. дан. - канд. экон. наук, доц., полк. инт. службы Ротач А.П., канд. экон. наук, доц., полк. инт. службы Тиванов В.В. | ||
| 700 | 1 |
_aРотач _bА.П. _gАндрей Пантелеевич |
|
| 701 | 1 |
_aТиванов _bВ.В. _gВиктор Васильевич |
|
| 801 | 0 |
_aRU _bNLR _gpsbo |
|
| 801 | 1 |
_aRU _bELAR _2rusmarc |
|
| 852 |
_aNLR _j72-50К/1785 |
||
| 942 | _cBOOK | ||
| 980 | _aNB | ||